| 000 | 04780cam a22013214i 4500 | ||
|---|---|---|---|
| 001 | a5321692 | ||
| 003 | PE-LiUPU | ||
| 005 | 20250813185317.0 | ||
| 005 | 20130315 | ||
| 008 | 130225s2013 sp a |rb 000 0 spa d | ||
| 015 | _aMON1303 | ||
| 017 |
_aM 2249-2013 _bOficina Depósito Legal Madrid |
||
| 020 |
_a9788499589626 _z978-84-995896-2-6 |
||
| 035 | _a(Sirsi) i9788499589626 | ||
| 035 | _a(Sirsi) 52171 | ||
| 035 | _a(OCoLC)841014236 | ||
| 040 |
_aSpMaBN _bspa _cSpMaBN _dPE-LiUPU _erda |
||
| 080 | _a316.6 | ||
| 082 | 0 | 4 |
_a302 _bH72 |
| 100 | 1 |
_aHombrados Mendieta, María Isabel, _eautor. |
|
| 245 | 1 | 0 |
_aManual de psicología comunitaria / _cMª Isabel Hombrados Mendieta. |
| 264 | 1 |
_aMadrid : _bSíntesis, _c2013. |
|
| 300 |
_a249 páginas : _bilustraciones ; _c23 centímetros. |
||
| 490 | 0 |
_aManuales prácticos de psicología ; _v33 |
|
| 504 | _aBibliografía: páginas 245-249. | ||
| 505 | 0 | _aCaracterísiticas y modelos de intervención comunitaria -- Conceptos básicos de la intervención comunitaria -- Sentido de comunidad -- Métodos de investigación-acción comunitaria -- Evaluación de necesidades -- Programas de intervención comunitaria -- Apoyo social -- Grupos de apoyo social yautoayuda -- Intervención psicosocial en crisis, desatres y catátrofes -- Animación sociocultural -- Participación social y voluntariado -- Familias en situación de risesgos -- La prevención del consumo de drogas -- Inmigración y relacionews interculturales. | |
| 526 | _aP202 | ||
| 526 | _aP201 | ||
| 526 | _aP163 | ||
| 526 | _aP162 | ||
| 526 | _aP161 | ||
| 526 | _aP160 | ||
| 526 | _aP148 | ||
| 526 | _aP147 | ||
| 526 | _aP146 | ||
| 526 | _aP145 | ||
| 526 | _aP144 | ||
| 526 | _aP143 | ||
| 526 | _aP142 | ||
| 526 | _aP141 | ||
| 526 | _aP140 | ||
| 526 | _aP139 | ||
| 526 | _aP138 | ||
| 526 | _aP137 | ||
| 526 | _aP136 | ||
| 526 | _aP135 | ||
| 526 | _aP134 | ||
| 526 | _aP133 | ||
| 526 | _aP129 | ||
| 526 | _aP128 | ||
| 526 | _aP127 | ||
| 526 | _aP120 | ||
| 526 | _aP119 | ||
| 526 | _aP118 | ||
| 526 | _aP116 | ||
| 526 | _aP115 | ||
| 526 | _aP114 | ||
| 526 | _aP110 | ||
| 526 | _aP109 | ||
| 526 | _aP108 | ||
| 526 | _aP104 | ||
| 526 | _aP103 | ||
| 526 | _aP102 | ||
| 526 | _aP99 | ||
| 526 | _aP98 | ||
| 526 | _aP97 | ||
| 526 | _aP96 | ||
| 526 | _aP95 | ||
| 526 | _aP93 | ||
| 526 | _aP90 | ||
| 526 | _aP89 | ||
| 526 | _aP88 | ||
| 526 | _aP83 | ||
| 526 | _aP82 | ||
| 526 | _aP62 | ||
| 526 | _aP59 | ||
| 526 | _aP58 | ||
| 526 | _aP57 | ||
| 526 | _aP51 | ||
| 526 | _aP49 | ||
| 526 | _aP48 | ||
| 526 | _aP47 | ||
| 526 | _aP29 | ||
| 526 | _aP24 | ||
| 526 | _aP20 | ||
| 526 | _aP19 | ||
| 526 | _aP17 | ||
| 526 | _aP15 | ||
| 526 | _aP14 | ||
| 526 | _aP12 | ||
| 526 | _aP10 | ||
| 526 | _aP09 | ||
| 526 | _aP08 | ||
| 526 | _aP07 | ||
| 526 | _aP06 | ||
| 526 | _aP05 | ||
| 526 | _aP04 | ||
| 526 | _aP01 | ||
| 650 | 7 |
_aPsicología comunitaria. _2embne |
|
| 650 | 1 | 4 |
_aPsicología social _vManuales. |
| 942 |
_2ddc _cBOOK |
||
| 949 |
_a302 H72 2013 _wDEWEY _c1 _iFJ03713 _lCCODEBUJ1 _mBUJ _p50.00 _r0 _sY _tBOOK _u2016-11-02 _xSALUD _PP33 _o.STAFF -- Colección General Juliaca |
||
| 949 |
_a302 H72 2013 _wDEWEY _c2 _iFJ06876 _lCCODEBUJ1 _mBUJ _p50.00 _r0 _sY _tBOOK _u2016-11-02 _xSALUD _PP33 _o.STAFF -- Colección General Juliaca |
||
| 949 |
_a302 H72 2013 _wDEWEY _c3 _iFJ06684 _lCCODEBUJ1 _mBUJ _p50.00 _r0 _sY _tBOOK _u2016-11-02 _xSALUD _PP33 _o.STAFF -- Colección General Juliaca |
||
| 596 | _a1 3 | ||
| 999 |
_a302 H72 _wDEWEY _c6815 _i69603 _d6815 _e2018-8-9 _f2021-11-3 _g5 _lCCODEBUL1 _mBUL _n7 _p35.00 _q4 _r0 _sY _tBOOK _u2015-8-25 _xSALUD _PP33 _0COMPRA _o.STAFF. Colección Ciencias de la Salud |
||
| 999 |
_a302 H72 _wDEWEY _c2 _i69604 _d2019-8-18 _e2019-8-17 _f2021-11-8 _g5 _lCCODEBUL1 _mBUL _n5 _p35.00 _r0 _sY _tBOOK _u2016-7-6 _xEDUCACION _PP33 _0COMPRA _o.STAFF. Colección General |
||
| 999 |
_a302 H72 _wDEWEY _c3 _i75156 _d2018-8-13 _e2018-8-9 _f2021-11-3 _g5 _lCCODEBUL1 _mBUL _n3 _p28.37 _q2 _r0 _sY _tBOOK _u2016-12-6 _xSALUD _PP33 _0COMPRA _o.STAFF. Colección Ciencias de la Salud |
||
| 999 |
_a302 H72 2013 _wDEWEY _c1 _iFJ03713 _d2018-10-22 _e2018-10-16 _f2022-1-17 _g4 _lCCODEBUJ1 _mBUJ _n6 _p50.00 _q6 _r0 _sY _tBOOK _u2016-11-2 _xSALUD _PP33 _0COMPRA _o.STAFF. Colección General Juliaca |
||
| 999 |
_a302 H72 2013 _wDEWEY _c2 _iFJ06876 _d2018-9-5 _e2018-9-5 _f2022-1-17 _g4 _lCCODEBUJ1 _mBUJ _n5 _p28.20 _q2 _r0 _sY _tBOOK _u2017-2-15 _xSALUD _PP33 _0COMPRA _o.STAFF. Colección General Juliaca |
||
| 999 |
_a316.6 H72 2013 _wDEWEY _c1 _iFJ06684 _d2019-9-19 _e2019-9-16 _f2022-1-18 _g4 _lCCODEBUJ1 _mBUJ _n9 _p30.60 _q8 _r0 _sY _tBOOK _u2017-2-9 _xSALUD _PP33 _0COMPRA _o.STAFF. Colección General Juliaca |
||
| 980 |
_81 _gALBERTO SANCHEZ Responsable de Automatización |
||